| 000 | 00641nam a22001817a 4500 | ||
|---|---|---|---|
| 020 | _qHard Cover. | ||
| 082 | _a330 | ||
| 100 | _aHashmi, Maheen | ||
| 245 |
_aAnalyzing corporate philanthropy of firms listed on the Pakistan Stock Market / _cMaheen Hashmi, Muneezay Tariq and Zainab Malik. |
||
| 260 |
_aIslamabad: _bS3H - NUST, _c2019. |
||
| 300 |
_a30 p. : _bill. ; _c30cm. |
||
| 563 | _aHB | ||
| 650 |
_aEconomics BS-Project Report. _927430 |
||
| 700 |
_aDr. Muhammad Zubair Mumtaz. _918702 |
||
| 856 | _uhttp://10.250.8.41:8080/xmlui/handle/123456789/3258 | ||
| 942 |
_2ddc _cPR |
||
| 999 |
_c533520 _d533520 |
||